Axioms in Philippine constitution / (Record no. 288783)
[ view plain ]
| 000 -LEADER | |
|---|---|
| fixed length control field | 00385nam a22001337a 4500 |
| 003 - CONTROL NUMBER IDENTIFIER | |
| control field | PILC |
| 005 - DATE AND TIME OF LATEST TRANSACTION | |
| control field | 20150930145313.0 |
| 008 - FIXED-LENGTH DATA ELEMENTS--GENERAL INFORMATION | |
| fixed length control field | 150930b xxu||||| |||| 00| 0 eng d |
| 050 ## - LIBRARY OF CONGRESS CALL NUMBER | |
| Classification number | KPM 1750 |
| Item number | .L395 2001 |
| 100 ## - MAIN ENTRY--PERSONAL NAME | |
| Personal name | Lavapie, Ruel A. |
| 245 ## - TITLE STATEMENT | |
| Title | Axioms in Philippine constitution / |
| Statement of responsibility, etc | Ruel A. Lavapie, Hope J. Relayson. |
| 300 ## - PHYSICAL DESCRIPTION | |
| Extent | viii, 271 pages ; |
| Dimensions | 22 cm. |
| 942 ## - ADDED ENTRY ELEMENTS (KOHA) | |
| Source of classification or shelving scheme | Library of Congress Classification |
| Koha item type | Books |
| Call number prefix | Local |
| Withdrawn status | Lost status | Source of classification or shelving scheme | Damaged status | Home library | Current library | Shelving location | Date acquired | Source of acquisition | Total Checkouts | Full call number | Barcode | Date last seen | Date checked out | Price effective from | Koha item type |
|---|---|---|---|---|---|---|---|---|---|---|---|---|---|---|---|
| Library of Congress Classification | College Library | College Library | Filipiniana Section | 09/30/2015 | Donation | 1 | KPM 1750 .L395 2001 | C20093 | 10/28/2019 | 10/23/2019 | 09/30/2015 | Books |